000 00557nam a2200193Ia 4500
005 20250319025032.0
008 240331s9999 xx 000 0 und d
020 _a0822323907
082 _a302.23
_bMAN
_24336
100 _aMankekar, P
245 0 _aScreening Culture, Viewing Politics:
_bAn Ethnography of Television, Womanhood, and Nation in Postcolonial India
260 _aLondon;
_aDurham,
_bDuke University Press
_c1999
300 _axiii, 430 p.,
650 _aWomen
650 _aIndia
650 _aTelevision
650 _aCulture
942 _cL
999 _c1124
_d1124